El acuerdo global entre México y la Unión Europea : balance y perspectivas.

Shranjeno v:
Bibliografske podrobnosti
Glavni avtor: Piñon Antillón, Rosa María coord, (autor)
Format: Neznan
Jezik:španščina
Teme:
Oznake: Označite
Brez oznak, prvi označite!

MARC

LEADER 00000c**#a2200000ua#4500
001 000495687
005 20250521000000.0
008 051130s^^^^^^^^^^^^^^^^r^^^^^000^0^spa^d
009 20260310125554.643
022 |a 9683676820 
035 |a FCE 000039095 
037 |a Acervo ITESO - Biblioteca 
041 |a spa 
082 4 |a 338.94  |b PIÑa 
100 |a Piñon Antillón, Rosa María  |e coord  |e (autor) 
245 0 3 |a El acuerdo global entre México y la Unión Europea :  |b balance y perspectivas. 
264 |a México :  |b ECSA : Fundación Friedrich Ebert : UNAM,  |c 2005. 
300 |a 390 p. 
336 |a texto  |b txt  |2 rdacontenido 
337 |a sin mediación  |b n  |2 rdamedio 
338 |a volumen  |b nc  |2 rdasoporte 
649 |a XX 
650 |a Unión Económica Europea 
650 |a Perspectivas 
650 |a Cooperación internacional 
650 |a Evaluación 
650 |a Relaciones bilaterales 
650 |a Convenios internacionales 
650 |a Acuerdos 
910 |a Fondo Centro de Estudios Educativos 
920 |a Impresos - Libros 
930 |a Fondos Especiales 
905 |a 133 
901 |a ALE039122  |b IT2  |c CEE  |u 20250521 
902 |a https://opac.biblio.iteso.mx/vufind/Record/000495687